000
00387nam a22001577a 4500
003
MPLRDC
005
20220104143218.0
008
210129b ||||| |||| 00| 0 eng d
082
_a
805.16 YTYN
100
_a
岩田一男
245
_a
英语语意操纵术
_c
胡子丹等译
260
_a
_b
天人出版社
_c
300
_b
平
650
_a
英语文法
942
_c
BK
_o
805.16 YTYN
999
_c
37696
_d
37686